Research on the private rented sector in Scotland (Record no. 109596)

MARC details
000 -LEADER
fixed length control field 01365cad a22002655a 4500
001 - CONTROL NUMBER
control field L147513
008 - FIXED-LENGTH DATA ELEMENTS--GENERAL INFORMATION
fixed length control field 090519s2002 xxk f s s000 0 eng d
020 ## - INTERNATIONAL STANDARD BOOK NUMBER
International Standard Book Number 0755934768
022 1# - INTERNATIONAL STANDARD SERIAL NUMBER
International Standard Serial Number 0950-2254
035 ## - SYSTEM CONTROL NUMBER
System control number (Sirsi) u147513
041 0# - LANGUAGE CODE
Language code of text/sound track or separate title eng
050 04 - LIBRARY OF CONGRESS CALL NUMBER
Classification number 346.410434 $2 18
100 1# - MAIN ENTRY--PERSONAL NAME
Personal name Houston, Donald
245 00 - TITLE STATEMENT
Title Research on the private rented sector in Scotland
Medium [electronic resource]
260 ## - PUBLICATION, DISTRIBUTION, ETC.
Place of publication, distribution, etc. [Edinburgh]
Name of publisher, distributor, etc. Scottish Executive Social Research
Date of publication, distribution, etc. 2002
505 2# - FORMATTED CONTENTS NOTE
Formatted contents note Summary -- Chapter one: introduction, aims and methods -- Chapter two: the role of the private rented sector -- Chapter three: access and affordability -- Chapter four: living in the private rented sector -- Chapter five: regulation of the private rented sector -- Chapter six: summary and conclusions -- Annexes -- References
520 ## - SUMMARY, ETC.
Summary, etc. Examines issues of concern to private tenants and landlords, looking in particular at the way the sector operates within the existing regulatory regime and how this affects investment and housing quality.
521 ## - TARGET AUDIENCE NOTE
Target audience note Advanced
651 #4 - SUBJECT ADDED ENTRY--GEOGRAPHIC NAME
Geographic name Scotland
Chronological subdivision 1999-
690 ## - LOCAL SUBJECT ADDED ENTRY--TOPICAL TERM (OCLC, RLIN)
Topical term or geographic name as entry element PROPERTY-RESIDENTIAL PROPERTY-RESIDENTIAL LANDLORD AND TENANT
700 1# - ADDED ENTRY--PERSONAL NAME
Personal name Barr, Kieran
700 1# - ADDED ENTRY--PERSONAL NAME
Personal name Dean, Jo
856 40 - ELECTRONIC LOCATION AND ACCESS
Uniform Resource Identifier <a href="https://www.scotland.gov.uk/Publications/2002/12/16017/15735">https://www.scotland.gov.uk/Publications/2002/12/16017/15735</a>
Public note View the report free of charge at www.scotland.gov.uk...
942 ## - ADDED ENTRY ELEMENTS (KOHA)
Suppress in OPAC 0
Holdings
Withdrawn status Lost status Source of classification or shelving scheme Damaged status Not for loan Home library Current library Shelving location Date acquired Total Checkouts Full call number Barcode Date last seen Copy number Price effective from Koha item type
    Dewey Decimal Classification     Virtual Virtual Online 19/05/2009   ONLINE PUBLICATION 147513-2001 06/08/2019 1 06/08/2019 Book